Statistics for Countries Bordering "V" Countries

Click here to take the quiz!

General Stats

  • This quiz has been taken 132 times
  • The average score is 7 of 7

Answer Stats

Answer% Correct
Brazil
99%
Colombia
99%
Italy
99%
Cambodia
98%
Laos
98%
Guyana
97%
China
96%

Score Distribution

Percentile by Number Answered

Percent of People with Each Score

Your Score History

You have not taken this quiz